000 01306nam a2200337 i 4500
003 DO-SdBNP
005 20260515211516.0
006 a||||gr|||| 00| 0
007 ta
008 231121t2019 dr |||| |||| 00| p spa d
020 _a9788417952273
040 _aDO-SdBNP
_bspa
_cBNPHU
_erda
041 _aspa
082 4 _aRD863.4
_bA232
_222
245 1 0 _aAdentro de tu máscara relampaguea la noche :
_bde torturas y silencios, antología certamen internacional de cuentos Juan Bosch /
_ccompilación de Ángela Hernández, Mateo Morrison, Alejandro Arvelo, Rocío Oviedo y Daniel Tejada ; prólogo, Ángela Hernández
264 4 _aMadrid :
_bCentro Cultural Juan Bosch,
_c2019
300 _a352 páginas ;
_c23 cm
336 _2rdacontent
_atexto
_btxt
337 _2rdamedia
_asin mediación
_bn
338 _2rdacarrier
_avolumen
_bnc
590 _aInventariado, 2023/DG
650 0 _aCuentos dominicanos
_9176
650 0 _aLiteratura dominicana
700 1 _aHernández, Ángela
_ecompilador
_eprologuista
_984656
_4comp.
_4prolog.
700 1 _aMorrison, Mateo
_934794
_ecompilador
_4comp.
700 1 _aArvelo, Alejandro
_ecomp.
_4compilador
_9147
700 1 _aOviedo, Rocío
_ecompilador
_4comp.
_989613
700 1 _aTejada, Daniel
_ecompilador
_4comp.
_976233
910 _aDG
942 _2ddc
_cLBS1
999 _c55595
_d55595